El duelo

Está ubicada temporalmente entre los años 1801 -1815 en las campañas napoleónicas, que narra el enfrentamiento de dos oficiales que buscan enfrentarse entre ellos. No se deja en claro qué causó el duelo entre ambos hombres, pero su lucha se ve prolongada hasta que se vuelve legendaria en volverse l...

Full description

Saved in:
Bibliographic Details
Main Author: Conrad, Joseph
Format: Book
Language:Undetermined
Published: San José, Costa Rica Editorial Costa Rica 1977
Subjects:
Tags: Add Tag
No Tags, Be the first to tag this record!

MARC

LEADER 00000nam a2200000Ia 4500
008 170316s9999 xx 000 0 und d
040 |a cru BVZT 
090 |a 820 C-12d 
100 |a Conrad, Joseph 
245 |a El duelo 
260 |a San José, Costa Rica 
260 |b Editorial Costa Rica 
260 |c 1977 
300 |a 145 páginas 
520 |a Está ubicada temporalmente entre los años 1801 -1815 en las campañas napoleónicas, que narra el enfrentamiento de dos oficiales que buscan enfrentarse entre ellos. No se deja en claro qué causó el duelo entre ambos hombres, pero su lucha se ve prolongada hasta que se vuelve legendaria en volverse legendaria. Los temas tocados dentro de la novela giran entorno a la dualidad, a la obsesión y la ofensa. 
650 |a LITERATURA INGLESA  |9 12 
650 |a NOVELA  |9 13 
999 |c 6771  |d 6771 
942 |c 15 D  |h 820 C-12d  |2 z